[Event "Madrid-ch Previa-A"]
[Site "Madrid"]
[Date "2009.11.17"]
[Round "8"]
[White "Rodriguez Bachiller, Luis"]
[Black "Gabriel y Galan Acevedo, Jesus"]
[Result "1-0"]
[WhiteElo "1879"]
[BlackElo "1981"]
[PlyCount "37"]
[EventDate "2009.11.02"]
[EventType "swiss"]
[EventRounds "9"]
[EventCountry "ESP"]
[SourceTitle "EXT 2010"]
[Source "ChessBase"]
[SourceDate "2010.11.25"]
[SourceVersion "1"]
[SourceVersionDate "2010.11.25"]
[SourceQuality "1"]

1. e4 d6 2. d4 Nf6 3. Bd3 g6 4. Ne2 e5 5. d5 c6 6. c4 Bg7 7. Nbc3 Nbd7 8. 0-0 0-0 9. Bc2 a5 10. dxc6 Nc5 11. cxb7 Bxb7 12. f3 Qb6 13. Be3 Rfd8 14. Qc1 Ba6 15. b3 Qc6 16. Rd1 Rab8 17. Nd5 Rb7 18. Bg5 Ncd7 19. Ne7+ 1-0

[Event "Madrid-ch Previa-A"]
[Site "Madrid"]
[Date "2009.11.12"]
[Round "6"]
[White "Franco Rincon, David"]
[Black "Gabriel y Galan Acevedo, Jesus"]
[Result "0-1"]
[WhiteElo "1824"]
[BlackElo "1981"]
[PlyCount "68"]
[EventDate "2009.11.02"]
[EventType "swiss"]
[EventRounds "9"]
[EventCountry "ESP"]
[SourceTitle "EXT 2010"]
[Source "ChessBase"]
[SourceDate "2010.11.25"]
[SourceVersion "1"]
[SourceVersionDate "2010.11.25"]
[SourceQuality "1"]

1. e4 d6 2. d4 Nf6 3. Nc3 g6 4. Nf3 Bg7 5. Bf4 c6 6. h3 0-0 7. Bd3 Nbd7 8. Qd2 Qa5 9. 0-0 e5 10. Ne2 Qxd2 11. Bxd2 exd4 12. Nexd4 Nc5 13. e5 dxe5 14. Nxe5 Nfe4 15. Bxe4 Bxe5 16. Nxc6 Nxe4 17. Nxe5 Nxd2 18. Rfe1 f6 19. Ng4 Bxg4 20. hxg4 Rfe8 21. Red1 Rad8 22. f3 Nc4 23. b3 Ne3 24. Rxd8 Rxd8 25. c4 Rd2 26. Re1 Rd1 27. Kf2 Rxe1 28. Kxe1 Nxg2+ 29. Ke2 Kf7 30. Kd3 Ke6 31. b4 Kd6 32. a4 Ne1+ 33. Ke4 Nc2 34. c5+ Kc6 0-1

[Event "Madrid-ch Previa-A"]
[Site "Madrid"]
[Date "2008.11.19"]
[Round "9"]
[White "Gabriel y Galan Acevedo, Jesus"]
[Black "Cortes Jurado, Rafael"]
[Result "0-1"]
[WhiteElo "2033"]
[BlackElo "2054"]
[PlyCount "94"]
[EventDate "2008.11.03"]
[EventType "swiss"]
[EventRounds "9"]
[EventCountry "ESP"]
[SourceTitle "CBM 127 Extra"]
[Source "ChessBase"]
[SourceDate "2009.01.08"]
[SourceVersion "2"]
[SourceVersionDate "2009.01.28"]
[SourceQuality "1"]

1. d4 Nf6 2. Nf3 g6 3. g3 Bg7 4. Bg2 0-0 5. 0-0 d6 6. c4 Nbd7 7. Nc3 c6 8. Qc2 e5 9. dxe5 dxe5 10. Rd1 Qc7 11. b3 Nc5 12. Ba3 b6 13. Bxc5 bxc5 14. Rac1 Bf5 15. e4 Bg4 16. h3 Bxf3 17. Bxf3 Rfe8 18. Rd3 Nd7 19. Rcd1 Nf8 20. Bg2 Ne6 21. Na4 Nd4 22. Qd2 Bf8 23. f4 exf4 24. gxf4 Bh6 25. Rf1 Rad8 26. Kh1 Qe7 27. Qf2 Ne6 28. Rxd8 Rxd8 29. Qg3 Qd6 30. e5 Qd2 31. f5 Nf4 32. Nxc5 Ne2 33. Qg4 Qe3 34. Ne4 Rd4 35. fxg6 hxg6 36. e6 Rxe4 37. exf7+ Kh7 38. Qc8 Ng3+ 39. Kh2 Nxf1+ 40. Kh1 Ng3+ 41. Kh2 Bg7 42. Bxe4 Nxe4 43. Qg4 Qf2+ 44. Qg2 Qxg2+ 45. Kxg2 Nd6 46. Kf3 Nxf7 47. b4 Ne5+ 0-1

[Event "Madrid-ch Previa-A"]
[Site "Madrid"]
[Date "2008.11.03"]
[Round "1"]
[White "Gabriel y Galan Acevedo, Jesus"]
[Black "Del Castillo Lopez, Rafael"]
[Result "1-0"]
[WhiteElo "2033"]
[BlackElo "1815"]
[PlyCount "83"]
[EventDate "2008.11.03"]
[EventType "swiss"]
[EventRounds "9"]
[EventCountry "ESP"]
[SourceTitle "CBM 127 Extra"]
[Source "ChessBase"]
[SourceDate "2009.01.08"]
[SourceVersion "2"]
[SourceVersionDate "2009.01.28"]
[SourceQuality "1"]

1. d4 Nf6 2. c4 e6 3. g3 Bb4+ 4. Bd2 c5 5. Nf3 0-0 6. a3 Bxd2+ 7. Nbxd2 cxd4 8. Nxd4 d5 9. Bg2 Nc6 10. Nxc6 bxc6 11. 0-0 Rb8 12. Qc2 Ba6 13. b4 Bb7 14. Rfd1 Qe7 15. Nb3 Ba6 16. Na5 Bb7 17. Rac1 Rfc8 18. Qa4 Nd7 19. Nb3 a6 20. c5 f5 21. Na5 Nf6 22. f3 e5 23. e4 fxe4 24. fxe4 d4 25. Rf1 Qc7 26. Rf5 Rf8 27. Nc4 Nd7 28. Nd6 h6 29. Rcf1 Rf6 30. Qb3+ Kh7 31. Rxf6 Nxf6 32. Qe6 a5 33. Qxe5 axb4 34. axb4 Ba6 35. Ra1 Rxb4 36. Rxa6 Rb1+ 37. Bf1 d3 38. Qf5+ Kg8 39. Ra8+ Rb8 40. Rxb8+ Qxb8 41. Bxd3 Qa7 42. Qc8+ 1-0

[Event "Madrid-ch Seniors"]
[Site "Madrid"]
[Date "2008.02.06"]
[Round "2"]
[White "Gabriel y Galan Acevedo, Jesus"]
[Black "Alvarez Escudero, Manuel"]
[Result "0-1"]
[WhiteElo "2026"]
[BlackElo "1912"]
[PlyCount "74"]
[EventDate "2008.02.05"]
[EventType "swiss"]
[EventRounds "7"]
[EventCountry "ESP"]
[SourceTitle "EXT 2010"]
[Source "ChessBase"]
[SourceDate "2010.11.25"]
[SourceVersion "1"]
[SourceVersionDate "2010.11.25"]
[SourceQuality "1"]

1. d4 d5 2. c4 c6 3. Nf3 g6 4. cxd5 cxd5 5. Bf4 Nc6 6. e3 Nf6 7. Bd3 Bg7 8. 0-0 0-0 9. h3 Nd7 10. Nc3 e5 11. dxe5 Ndxe5 12. Nd4 Nxd3 13. Qxd3 Nxd4 14. exd4 Be6 15. Rfd1 Rc8 16. Rac1 Qd7 17. Qb5 Rc6 18. Qa4 a6 19. Qa5 Rfc8 20. Na4 Rxc1 21. Bxc1 Bxd4 22. Bh6 Ba7 23. Nb6 Bxb6 24. Qxb6 f6 25. Qd4 Kf7 26. b3 Qd6 27. Rd3 Qe5 28. Qh4 Qe4 29. Bf4 g5 30. Qh5+ Qg6 31. Qxg6+ Kxg6 32. Be3 Rc6 33. Kf1 f5 34. Ke2 f4 35. Bd4 Kf5 36. Rc3 Rxc3 37. Bxc3 h5 0-1

[Event "Pablo Gorbea Memorial 7th"]
[Site "Madrid"]
[Date "2003.09.02"]
[Round "2"]
[White "Gabriel y Galan Acevedo, Jesus"]
[Black "Sanchez, Joseph"]
[Result "0-1"]
[WhiteElo "2077"]
[BlackElo "2410"]
[PlyCount "36"]
[EventDate "2003.09.01"]
[EventType "swiss"]
[EventRounds "9"]
[EventCountry "ESP"]
[SourceTitle "CBM 096 Extra"]
[Source "ChessBase"]
[SourceDate "2003.10.22"]
[SourceVersion "2"]
[SourceVersionDate "2003.10.20"]
[SourceQuality "1"]

1. d4 d5 2. Nf3 c6 3. c4 Nf6 4. Nc3 dxc4 5. a4 Bf5 6. e3 e6 7. Bxc4 Bb4 8. 0-0 Nbd7 9. Bd2 0-0 10. Re1 Bg6 11. Rc1 Qe7 12. Na2 Bd6 13. Ne5 Nxe5 14. dxe5 Bxe5 15. Bc3 Rad8 16. Qe2 Bc7 17. b3 Ne4 18. Bb2 Rd2 0-1